| 000 | 00522nam a2200169Ia 4500 | ||
|---|---|---|---|
| 003 | GCL | ||
| 008 | 140319s9999 xx 000 0 eng d | ||
| 040 |
_aGCL / _cGCL |
||
| 082 | 0 | 4 |
_a658.830 _bL O |
| 100 | 1 | _aLESCHER, JOHN F. | |
| 245 | 1 | 0 |
_aONLINE MARKET RESEARCH:?COS-EFFECTIVE SEARCH OF THE INTERNET AND ON LINE DATABASES / _cLESCHER, JOHN F. |
| 260 |
_a[S.N] : _bADDISON - WESLEY PUBLISHING COMPANY ، _c1995 |
||
| 300 | _a269 P | ||
| 650 | 0 | 4 | _aMARKETING - RESEARCH |
| 650 | 0 | 4 | _aON LINE DATABASE |
| 942 |
_2ddc _cBK |
||
| 999 |
_c10667 _d10667 |
||